Domeniche di quaresima (Record no. 101912)

MARC details
000 -LEADER
fixed length control field 01448njm a2200301Ia 4500
001 - CONTROL NUMBER
control field D7031
003 - CONTROL NUMBER IDENTIFIER
control field IT-RoPAU
005 - DATE AND TIME OF LATEST TRANSACTION
control field 20220918181149.0
008 - FIXED-LENGTH DATA ELEMENTS--GENERAL INFORMATION
fixed length control field 131025s9999 xx 000 0 und d
040 ## - CATALOGING SOURCE
Original cataloging agency IT-RoPAU
040 ## - CATALOGING SOURCE
Transcribing agency IT-RoPAU
041 ## - LANGUAGE CODE
Language code of text/sound track or separate title ITALIANO
999 ## - SYSTEM CONTROL NUMBERS (KOHA)
Koha Dewey Subclass [OBSOLETE] n.d.
100 ## - MAIN ENTRY--PERSONAL NAME
Personal name Anselmi Daniele
9 (RLIN) 29755
100 ## - MAIN ENTRY--PERSONAL NAME
Relator term Autore musica
9 (RLIN) 31090
100 ## - MAIN ENTRY--PERSONAL NAME
Miscellaneous information Codice autore musica SPICS: 40135
9 (RLIN) 29757
245 ## - TITLE STATEMENT
Title Domeniche di quaresima
250 ## - EDITION STATEMENT
Edition statement 1a ed.
260 ## - PUBLICATION, DISTRIBUTION, ETC. (IMPRINT)
Place of publication, distribution, etc. ROMA
260 ## - PUBLICATION, DISTRIBUTION, ETC. (IMPRINT)
Name of publisher, distributor, etc. EP - MUSICALI E DISCOGRAFICHE
Date of publication, distribution, etc. 1995 [1a Ed.:1995 - Ed. Lingua Orig.: 1995]
300 ## - PHYSICAL DESCRIPTION
Extent MUSICASSETTA
500 ## - GENERAL NOTE
General note Musica religiosa, liturgica.
505 ## - FORMATTED CONTENTS NOTE
Formatted contents note Chi mi seguirà - Gloria a te o Cristo - Kyrie eleison - Il Signore è bontà - L'invocherà e io lo esaudirò - Perdonaci Signore - Io credo in Dio - Lode a te o Cristo - Gloria e lode a te - Signore mostrami il tuo volto - Donaci Signore la tua grazia - Lode e onore a te - Lode a te Signore Gesù - Se tu conoscessi il dono di Dio - Fà che ascoltiamo Signore - Lode a te - Animati dallo Spirito - Rallegrati o Sion - Rallegrati Gerusalemme - Il Signore è il mio pastore - In voi porrò il mio Spirito.
650 ## - SUBJECT ADDED ENTRY--TOPICAL TERM
Topical term or geographic name as entry element LITURGICO [CASSETTE]
Relator term Codice MATERIA SPICS: 9951
9 (RLIN) 5632
700 ## - ADDED ENTRY--PERSONAL NAME
Personal name Frisina Marco
Relator term Autore
Miscellaneous information Codice autore SPICS: 38406
9 (RLIN) 31091
700 ## - ADDED ENTRY--PERSONAL NAME
Personal name Parisi Antonio
Relator term Autore testo e musica
Miscellaneous information Codice autore testo/musica SPICS: 35389
9 (RLIN) 31092
942 ## - ADDED ENTRY ELEMENTS (KOHA)
Koha item type MUSICASSETTE
Source of classification or shelving scheme Dewey Decimal Classification
Holdings
Withdrawn status Lost status Damaged status Not for loan Home library Current library Date acquired Total Checkouts Full call number Date last seen Price effective from Koha item type Public note
    Buone Condizioni Not For Loan SPICS-MEDIATECA SPICS-MEDIATECA 25/10/2013   D7031 25/10/2013 25/10/2013 MUSICASSETTE Progr. Ins.: 2097 / N.Vol.: 1 / Copie: 1 - Copia rara: n.d. / date import: 01.01.2014 - By Epidotti, Trombetti, Vaglietti
CREDITS: SOCIETA' SAN PAOLO Via A.Severo, 58 - ROMA (RM) & PERIODICI SAN PAOLO SRL Via Giotto, 36 MILANO & CISF Via Giotto, 36 MILANO & EDIZIONI SAN PAOLO SRL,  Piazza Soncino, 5 CINISELLO BALSAMO (MI) -- ITALY